00565nam a22001937a 450000500170000000800410001702000180005804000090007604100080008508200230009310000210011624500610013726000440019830000260024236500350026865000140030365000310031770000230034820220616160133.0220616b ||||| |||| 00| 0 eng d a9788195274970 cAloy aeng 223a230.2092bFRAL aEdmund J B Frank aLife sketch of the servant of God Raymond FC Mascarenhas aMangalorebSt Aloysius Prakashanac2022 ax,207p.bHBc25x19cm. 2Biographyb500.00c₹d500.00 aBiography aChristian Religious Leader aFRANK (Edmund J B)